Competition in Focus (Record no. 2596)

000 -LEADER
fixed length control field 00548nas a2200229 a 4500
006 - FIXED-LENGTH DATA ELEMENTS--ADDITIONAL MATERIAL CHARACTERISTICS--GENERAL INFORMATION
fixed length control field am||p|r|||| 00| 01
007 - PHYSICAL DESCRIPTION FIXED FIELD--GENERAL INFORMATION
fixed length control field ta
008 - FIXED-LENGTH DATA ELEMENTS--GENERAL INFORMATION
fixed length control field 200624c20089999ii mr|p| |||| 00| a1eng d
040 ## - CATALOGING SOURCE
Original cataloging agency IMU Kochi Library
Language of cataloging eng
041 0# - LANGUAGE CODE
Language code of text/sound track or separate title eng
044 ## - COUNTRY OF PUBLISHING/PRODUCING ENTITY CODE
MARC country code India
082 04 - DEWEY DECIMAL CLASSIFICATION NUMBER
Edition number 23
Classification number 052
Item number C73847
245 10 - TITLE STATEMENT
Title Competition in Focus
260 ## - PUBLICATION, DISTRIBUTION, ETC. (IMPRINT)
Place of publication, distribution, etc New Delhi :
Name of publisher, distributor, etc Arihant Media Promoters,
Date of publication, distribution, etc 2008.
300 ## - PHYSICAL DESCRIPTION
Extent -v :
Other physical details col. ill. ;
Dimensions 27 cm.
310 ## - CURRENT PUBLICATION FREQUENCY
Current publication frequency Monthly
Date of current publication frequency (2008)-
362 ## - DATES OF PUBLICATION AND/OR SEQUENTIAL DESIGNATION
Dates of publication and/or sequential designation vol 1, no. 1 (2008)-
650 #0 - SUBJECT ADDED ENTRY--TOPICAL TERM
Topical term or geographic name as entry element Competition
852 ## - LOCATION/CALL NUMBER
Location IMU Kochi Library
904 ## - LOCAL DATA ELEMENT D, LDD (RLIN)
CATALOGER Reshma Rajesh
942 ## - ADDED ENTRY ELEMENTS (KOHA)
Item type Periodicals
Holdings
Withdrawn status Lost status Source of classification or shelving scheme Damaged status Not for loan Collection code Permanent location Current location Shelving location Date acquired Source of acquisition Serial Enumeration / chronology Full call number Barcode Date last seen Koha item type Public note
          Non-fiction IMU Kochi Library IMU Kochi Library Reference 2016-03-21 Bound volume Vol. 04 No. 04, Jan 2015 -- Vol. 04 No. 07, Apr 2015 052 C73847 BV0053 2020-06-24 Bound Volumes BV Shelf
          Non-fiction IMU Kochi Library IMU Kochi Library Reference 2016-03-21 Bound volume Vol. 04 No. 08, May 2015 -- Vol. 04 No. 11, Aug 2015 052 C73847 BV0054 2020-06-24 Bound Volumes BV Shelf
          Non-fiction IMU Kochi Library IMU Kochi Library Reference 2016-03-21 Bound volume Vol. 04 No. 12, Sep 2015 & Vol. 05 No. 02, Nov 2015 & Vol. 06 No. 02, Dec 2015 052 C73847 BV0055 2020-06-24 Bound Volumes BV Shelf


Copyright © All Rights Reserved by Indian Maritime University, Kochi Campus.
For any Suggestions/Query Contact to library or Email: library.kochi@imu.ac.in Ph:(0484)-2989402
(Web OPAC Designed by Rudra Ranjan. Maintained by IMU Kochi Library)

Powered by Koha